Luật chứng khoán (Đã được, sửa đổi bổ sung năm 2010)
Nội dung tài liệu giới thiệu toàn văn luật chứng khoán được bổ sung, sửa đổi năm 2010.
Uloženo v:
| Korporace: | , |
|---|---|
| Médium: | Kniha |
| Jazyk: | Undetermined |
| Vydáno: |
Hà Nội
Lao động
2012
|
| Témata: | |
| Tagy: |
Přidat tag
Žádné tagy, Buďte první, kdo otaguje tento záznam!
|
| Thư viện lưu trữ: | Trung tâm Học liệu Trường Đại học Cần Thơ |
|---|
| LEADER | 00966nam a2200241Ia 4500 | ||
|---|---|---|---|
| 001 | CTU_179799 | ||
| 008 | 210402s9999 xx 000 0 und d | ||
| 020 | |c 30000 | ||
| 082 | |a 346.597 | ||
| 082 | |b V308 | ||
| 110 | |a Việt Nam (Cộng hòa Xã hội Chủ nghĩa) | ||
| 110 | |b Quốc hội | ||
| 245 | 0 | |a Luật chứng khoán | |
| 245 | 0 | |b (Đã được, sửa đổi bổ sung năm 2010) | |
| 245 | 0 | |c Việt Nam (Cộng hòa Xã hội Chủ nghĩa). Quốc hội | |
| 260 | |a Hà Nội | ||
| 260 | |b Lao động | ||
| 260 | |c 2012 | ||
| 520 | |a Nội dung tài liệu giới thiệu toàn văn luật chứng khoán được bổ sung, sửa đổi năm 2010. | ||
| 650 | |a Stock exchanges,Thị trường chứng khoán | ||
| 650 | |x Law and legislation,Luật và pháp luật | ||
| 904 | |i Bằng | ||
| 980 | |a Trung tâm Học liệu Trường Đại học Cần Thơ | ||